000 00789nam a2200205 a 4500
008 060316s1974 ||||||||||||||||| || u
020 _a047124595X
050 _aG 70.4 rem
100 _aEstes, John E
245 1 0 _aRemote sensing: techniques for environmental analysis.
_cedited by John E. Estates and Leslie W. Senger
260 _aSanta Barbara, [Ca.]
_bHamilton Publishing Co
_c1974
300 _a340 p. ill.
350 _a0.00
650 _aGEOGRAPHY
650 _aASTRONAUTICS IN GEOGRAPHICAL RESEARCH
650 _aGEOGRAGRAPHY--METHODOLOGY
650 0 _aREMOTE SENSING
700 _aSenger, Leslie W
995 _D0.00
_FCBU-MAIN LIBRARY (Kitwe)
_H1
_I22.17
_M1
_UAVAILABLE
_WDec 20, 2006
_ZMain Library Open Access Collection
999 _c56053
_d56053